|
|
|
|
| LEADER |
00000nam0a2200000 4500 |
| 001 |
174158 |
| 005 |
20231031164616.0 |
| 035 |
|
|
|a (RuTPU)RU\TPU\book\188861
|
| 090 |
|
|
|a 174158
|
| 100 |
|
|
|a 20100121d1973 km y0rusy50 ca
|
| 101 |
0 |
|
|a rus
|
| 102 |
|
|
|a RU
|
| 105 |
|
|
|a a z 001zy
|
| 200 |
1 |
|
|a Оптический поиск и распознавание
|f С. Е. Здор, В. Б. Широков
|g Академия наук СССР (АН СССР), Институт проблем управления им. В. А. Трапезникова (ИПУ)
|
| 210 |
|
|
|a Москва
|c Наука
|d 1973
|
| 215 |
|
|
|a 239 с.
|c ил.
|
| 320 |
|
|
|a Библиогр.: с. 230-237.
|
| 610 |
1 |
|
|a распознавание образов
|
| 610 |
1 |
|
|a поисковые системы
|
| 610 |
1 |
|
|a излучения
|
| 610 |
1 |
|
|a равномерный оптический поиск
|
| 610 |
1 |
|
|a активный оптический поиск
|
| 610 |
1 |
|
|a оптическое распознавание
|
| 610 |
1 |
|
|a принципы
|
| 610 |
1 |
|
|a теория
|
| 610 |
1 |
|
|a методы
|
| 610 |
1 |
|
|a полупроводниковые устройства
|
| 610 |
1 |
|
|a сегнетоэлектрики
|
| 610 |
1 |
|
|a фотоэлектрические свойства
|
| 610 |
1 |
|
|a перцептроны
|
| 675 |
|
|
|a 681.142.37
|v 3
|
| 675 |
|
|
|a 621.385
|v 3
|
| 700 |
|
1 |
|a Здор
|b С. Е.
|g Станислав Евгеньевич
|
| 701 |
|
1 |
|a Широков
|b В. Б.
|g Виктор Борисович
|
| 712 |
0 |
2 |
|a Академия наук СССР (АН СССР)
|b Институт проблем управления им. В. А. Трапезникова (ИПУ)
|c (Москва)
|2 stltpush
|3 (RuTPU)RU\TPU\col\6782
|
| 801 |
|
1 |
|a RU
|b 63413507
|c 20100121
|
| 801 |
|
2 |
|a RU
|b 63413507
|c 20150513
|g RCR
|
| 942 |
|
|
|c BK
|